Science Quiz

Random Science Quiz

Digital Escape Room for Digestive System Quiz Stats

 Plays Quiz not verified by Sporcle

Support Sporcle.
Go Orange.
Score 0/17 Timer 00:30
0 Plays Today
Hint Answer % Correct
????
100%
????
93.4%
????
80.8%
????
77.1%
????
68.9%
????
63.2%
????
58.6%
????
49%
????
40.8%
Hint Answer % Correct
????
38.1%
????
32.7%
????
28.1%
????
22.8%
????
17.8%
????
14.3%
????
10.3%
????
0.1%

You're not logged in!

Compare scores with friends on all Sporcle quizzes.
OR
Log In

From the Vault

Premier League: Top 5 Finishes Minefield

by pitchorneirda

High fives all around to anyone that can get these all.
Remove Ads.
Support Sporcle.
Get the best of Sporcle when you Go Orange. This ad-free experience offers more features, more stats, and more fun while also helping to support Sporcle. Thank you for becoming a member.

Show Comments

Extras

Top Quizzes Today


Score Distribution

Your Account Isn't Verified!

In order to create a playlist on Sporcle, you need to verify the email address you used during registration. Go to your Sporcle Settings to finish the process.

Report this User

Report this user for behavior that violates our Community Guidelines.

Details: